Normal view MARC view
  • Clase escolar

Entry Materia

Number of records used in: 10

001 - NÚMERO DE CONTROL DEL REGISTRO

  • campo de control: 10832

003 - IDENTIFICADOR DE NUMERO DE CONTROL

  • campo de control: MX-MxUPN

005 - FECHA Y HORA DE LA ÚLTIMA TRANSACCIÓN

  • campo de control: 20240902155409.0

008 - DATOS DE LONGITUD FIJA

  • campo de control de longitud fija: 240902n||acnnnaabn n ana |d

035 ## - NÚMERO DE CONTROL DEL SISTEMA

  • Número de control del sistema: UPN10000010839

040 ## - FUENTE DE LA CATALOGACIÓN

  • Lengua de catalogación: spa
  • Agencia de transcripción: MX-MxUPN
  • Centro catalogador de origen: MX-MxUPN

150 ## - ENCABEZAMIENTO - TEMÁTICO

  • Término de materia o nombre geográfico como elemento inicial: Clase escolar

670 ## - FUENTE EN LA QUE SE LOCALIZARON DATOS

  • Cita de la fuente: LEMB, 1998 :
  • Información localizada: página 214 (Clase escolar)

680 ## - NOTA GENERAL CON DESPLIEGUE PÚBLICO

  • Texto explicativo: Usese para las obras que tratan del conjunto de alumnos que en buena proporción, debe simultáneamente recibir la enseñanza de un profesor

902 ## - CATALOGADOR

  • Catalogador: LG/020298
  • Catalogador: MaríaRobles/020924